| 000 | 00390nam a2200169Ia 4500 | ||
|---|---|---|---|
| 999 |
_c99260 _d99260 |
||
| 003 | 0100 | ||
| 005 | 20180118105116.0 | ||
| 008 | 130307s9999 xx 000 0 und d | ||
| 040 | _cARRUPELIB | ||
| 050 | _aK190.G58 1965 | ||
| 100 |
_aGluckman, Max _926114 |
||
| 245 |
_aPolitics, law and ritual in tribal society _cmax Gluckman |
||
| 260 |
_bBasil Blackwell _aOxford _c1965 |
||
| 300 |
_axxviii, 339p. ; _c22cm |
||
| 650 |
_aSociety, Primitive _925791 |
||
| 650 |
_aGovernment, Primitive _937844 |
||
| 650 |
_aTribal government _938708 |
||
| 650 |
_aTribes and tribal system _938709 |
||
| 650 |
_aLaw, Primitive _918349 |
||
| 650 |
_aRites and ceremonies _91907 |
||
| 942 |
_2lcc _cMONOGRAPH |
||